000 00728nam a2200289Ia 4500
008 160321s9999||||xx |||||||||||||| ||und||
040 _cEnglish
082 _aXI.F/Baldwin
082 _bBORI-79293
100 _aJames Baldwin
245 _aTell me how Long the Train's been gone
260 _aNew York
260 _bDell Publishing Co.
260 _c1969
300 _a370pp
300 _cA
300 _ePaperback
530 _u59699
563 _aStudy
600 _aJames Baldwin
630 _aTell me how Long the Train's been gone
650 _aEnglish Literature
650 _aGeneral Indology
700 _aJames Baldwin
730 _aTell me how Long the Train's been gone
942 _cBOOK
999 _c1370055
_d1370052